|
|
|
|
| LEADER |
00000nam a2200000Ia 4500 |
| 008 |
180713b2007 cr ||||| |||| 00| | spa d |
| 999 |
|
|
|c 2167
|d 2167
|
| 090 |
|
|
|a 14.03.01
|b 1594
|
| 100 |
|
|
|a Borge Carvajal, Carlos
|9 4053
|
| 245 |
1 |
0 |
|a Consulta en los territorios indígenas del pacífico de Costa Rica /
|c Carlos Borge Carvajal
|
| 260 |
|
|
|a San José, Costa Rica :
|b Programa de Regularización del Catastro y Registro,
|c 2007
|
| 300 |
|
|
|a 47 páginas
|
| 650 |
1 |
4 |
|a POBLACIÓN INDÍGENA
|9 490
|
| 650 |
1 |
4 |
|a PROPIEDAD DE LA TIERRA
|9 4057
|
| 651 |
1 |
4 |
|9 4056
|a PACÍFICO (COSTA RICA)
|
| 942 |
|
|
|i 003358
|h 14.03.01 1594
|2 z
|c 04
|